Statistics for Dragon Ball Z

Click here to take the quiz!

General Stats

  • This quiz has been taken 291 times
  • The average score is 12 of 15

Answer Stats

HintAnswer% Correct
Prince of the SaiyansVegeta
98%
The Main CharacterGoku
97%
Elder Brother of GokuRaditz
95%
Universe 7 God of DestructionBeerus
94%
Defeated CellGohan
94%
Creator of KamehamehaMaster Roshi
91%
Universe 7 AngelWhis
91%
Creator of the AndroidsDr. Gero
90%
Goku's GranddaughterPan
88%
The Perfect AndroidCell
86%
Eternal DragonShenron
84%
Pink Evil DemonMajin Buu
77%
The Evil EmperorFrieza
69%
Warrior of the FutureFuture Trunks
62%
King of EverythingOmni-King
26%

Score Distribution

Percentile by Number Answered

Percent of People with Each Score

Your Score History

You have not taken this quiz